Veľká časť štrukturálnych fondov má skončiť v dnešnej EÚ
Európska komisia (EK) navrhla reformu politiky ekonomickej súdržnosti v EÚ. Táto politika má zabezpečiť vyrovnávanie úrovne jednotlivých krajín a regiónov únie. Financovanie tejto politiky. Návrh reformy rozdeľovania prostriedkov na ekonomickú súdržnosť. Vyspelé a zaostalé regióny.
Salvato in:
| Autore principale: | |
|---|---|
| Natura: | Capitolo di libro |
| Lingua: | slovacco |
| Soggetti: | |
| Tags: |
Nessun Tag, puoi essere il primo ad aggiungerne!!
|
MARC
| LEADER | 00000naa$a2200000$$$4500 | ||
|---|---|---|---|
| 001 | 0005459 | ||
| 005 | 20231009074620.0 | ||
| 041 | 0 | |a slo | |
| 044 | |a SK | ||
| 245 | 1 | 0 | |a Veľká časť štrukturálnych fondov má skončiť v dnešnej EÚ |c aut. Roman Schönwiesner |
| 520 | |a Európska komisia (EK) navrhla reformu politiky ekonomickej súdržnosti v EÚ. Táto politika má zabezpečiť vyrovnávanie úrovne jednotlivých krajín a regiónov únie. Financovanie tejto politiky. Návrh reformy rozdeľovania prostriedkov na ekonomickú súdržnosť. Vyspelé a zaostalé regióny. | ||
| 610 | 2 | 0 | |a úroveň rozvoja hospodárskeho |
| 610 | 2 | 0 | |a regióny |
| 610 | 2 | 0 | |a krajiny rozvojové |
| 610 | 2 | 0 | |a krajiny vyspelé |
| 610 | 2 | 0 | |a financovanie |
| 610 | 2 | 0 | |a Európska únia |
| 100 | 1 | |a Schönwiesner, Roman | |